| 000 | 01207nam a22002295i 4500 | ||
|---|---|---|---|
| 001 | 54108 | ||
| 003 | ES-MaACL | ||
| 007 | t| | ||
| 008 | 960711m18601880fr ||||1| fre d | ||
| 040 |
_aCAM _bspa _cCAM |
||
| 100 | 1 |
_aFétis, François Joseph. _950629 |
|
| 245 | 1 | 0 |
_aBiographie universelle des musiciens et bibliographie générale de la musique _b: par F. J. Fétis. |
| 250 | _a2e éd. entiérement refondue et augmentée de plus de moitié. | ||
| 260 |
_aParis : _bLibrairie de Firmin Didot Fréres, fils et cie, _c1860-1880 ( _fTypographie de H. Firmin Didot) |
||
| 300 |
_a10 v. ; _c24 cm. |
||
| 500 | _3Suplementos v. IX y X: "publiés sous la direction de Arthur Pougin" | ||
| 505 | 8 | _aContiene: v. 1. A-Bohrer -- v. 2. Boieldieu-Derossi -- v. 3. Desargus-Giardini -- v. 4. Gibbons-Karynski -- v. 5. Kechlina-Martini -- v. 6. Martini, Jean Baptiste-Pérolle -- v. 7. Perotti-Scultetus -- v. 8. Sebastiani-Zyka -- v. 9. Supplément et complément I : A-Holmes -- v. 10. Supplément et complément II : Holmes, Auguste-Zwingli | |
| 650 | 1 | 4 |
_aMúsicos- _vBiografías. _915425 |
| 650 | 1 | 4 |
_aMúsica- _vBibliografías. _915378 |
| 700 | 1 |
_aPougin, Arthur. _993427 |
|
| 852 |
_aES-MaACL _jG-14796-805 |
||
| 999 |
_c54108 _d54108 |
||